|
|
|
|
| LEADER |
00000nam a2200000 a 4500 |
| 001 |
vtls009845901 |
| 003 |
SK-MaSNL |
| 005 |
20260301171748.0 |
| 008 |
240318s2009 xo l f 000 0 slo |
| 015 |
|
|
|a SNBA2009/09-04562
|
| 020 |
|
|
|a 9788080844318
|q (brož.)
|
| 035 |
|
|
|a (SVKBBclas03)vtls000311328
|
| 035 |
|
|
|a urn:nbn:sk:snk-amjwbf
|
| 035 |
|
|
|a urn:nbn:sk:snk-am0081ls
|
| 035 |
|
|
|a D8558548-B5E1-49D7-97AF-6D2EC74D2FE6
|
| 040 |
|
|
|a SNK
|b slo
|c SNK
|e AACR2
|
| 041 |
0 |
|
|a slo
|
| 044 |
|
|
|a xo
|c SK
|
| 072 |
|
7 |
|a 371
|x Školstvo (organizácia)
|2 konspekt
|
| 072 |
|
7 |
|a 004
|x Počítačová veda. Výpočtová technika. Informačné technológie
|2 konspekt
|
| 080 |
|
|
|a 371.3:004
|2 2001
|
| 080 |
|
|
|a 004.42.032.6:371.3
|2 2001
|
| 080 |
|
|
|a (048.8)
|2 2001
|
| 080 |
|
|
|a 378
|2 2001
|
| 100 |
1 |
|
|a Černák, Igor,
|d 1963-
|4 aut
|9 251980
|
| 245 |
1 |
0 |
|a Možné prístupy pri zavádzaní a realizácii elektronického vzdelávania na vysokej škole
|b monografia
|c Igor Černák, Eduard Mašek
|
| 250 |
|
|
|a 1. vyd.
|
| 260 |
|
|
|a Ružomberok
|b Katolícka univerzita
|c 2009
|
| 300 |
|
|
|a 108 s.
|b grafy, sch.
|c 22 cm
|
| 366 |
|
|
|e 250 výt.
|
| 504 |
|
|
|a Bibliogr. s. 105-108
|
| 650 |
0 |
7 |
|a e-learning
|2 SNKPH
|9 28660
|
| 650 |
0 |
7 |
|a počítačom podporované vyučovanie
|2 SNKPH
|9 66766
|
| 650 |
0 |
7 |
|a multimediálne výukové programy
|2 SNKPH
|9 121675
|
| 650 |
0 |
7 |
|a vysoké školy
|2 SNKPH
|9 1277
|
| 655 |
|
7 |
|a monografie
|2 SNKPH
|9 70139
|
| 700 |
1 |
|
|a Mašek, Eduard,
|d 1947-
|4 aut
|9 45598
|
| 919 |
|
|
|a 978-80-8084-431-8
|
| 958 |
|
|
|a NB
|
| 968 |
|
|
|d 37
|
| 999 |
|
|
|c 831513
|d 833443
|
| 952 |
|
|
|a SNK
|b SNK
|y PREZ
|7 0
|p 17A0628054
|o snkSB 78123
|i snk2009/14215
|8 0
|0 0
|1 0
|4 0
|d 2009-08-06
|f 1
|l 0
|r 2025-04-28 00:00:00
|w 2026-02-24
|
| 952 |
|
|
|a SNK
|b SNK
|y VYP
|7 0
|p 17A0628053
|o snkSB 78123 D1
|i snk2009/14217
|8 0
|z Digitalizovaný
|0 0
|1 0
|4 0
|d 2009-08-06
|l 0
|r 2016-06-30 00:00:00
|w 2026-02-24
|